The State of Pakistan's economy (Record no. 587800)

000 -LEADER
fixed length control field 00426nam a22001217a 4500
082 ## - DEWEY DECIMAL CLASSIFICATION NUMBER
Classification number 330.9549105
100 ## - MAIN ENTRY--PERSONAL NAME
Personal name State Bank of Pakistan
245 ## - TITLE STATEMENT
Title The State of Pakistan's economy
Statement of responsibility, etc. second quarterly report for the year 2010-2011 of the central board of State Bank of Pakistan
260 ## - PUBLICATION, DISTRIBUTION, ETC.
Place of publication, distribution, etc. Karachi
Name of publisher, distributor, etc. State Bank of Pakistan
Date of publication, distribution, etc. 2011
300 ## - PHYSICAL DESCRIPTION
Extent 61p
942 ## - ADDED ENTRY ELEMENTS (KOHA)
Source of classification or shelving scheme
Koha item type Book
Holdings
Withdrawn status Lost status Source of classification or shelving scheme Damaged status Not for loan Permanent Location Current Location Date acquired Total Renewals Full call number Barcode Date last seen Price effective from Koha item type
          Central Library (CL) Central Library (CL) 02/06/2022 1 330.9549105 SBP S3H-N-1722 06/12/2024 02/06/2022 Book
© 2023 Central Library, National University of Sciences and Technology. All Rights Reserved.